Every 100,000+ city in China: Anhui - Statistics

General Stats
  • This quiz has been taken 6 times
  • The average score is 9 of 65
Answer Stats
Letter Population City % Correct
H 8,826,481 Hefei
100%
S 2,630,139 Suzhou
80%
B 1,706,844 Bengbu
60%
B 1,633,108 Bozhou
60%
F 3,270,502 Fuyang
60%
H 2,151,209 Huaibei
60%
H 2,004,558 Huainan
60%
H 910,518 Huangshan
60%
M 1,449,630 Ma'anshan
60%
W 2,307,011 Wuhu
60%
A 1,391,460 Anqing
40%
C 747,293 Chizhou
40%
C 1,158,034 Chuzhou
40%
L 1,327,202 Lu'An
40%
C 227,392 Chaohu
20%
D 258,072 Dongguan
20%
T 125,057 Tongcheng
20%
T 1,016,902 Tongling
20%
X 831,150 Xuancheng
20%
C 388,325 Chengguan
0%
C 340,095 Chengguan
0%
C 312,050 Chengguan
0%
C 210,406 Chengguan
0%
C 189,503 Chengguan
0%
C 144,707 Chengguan
0%
C 128,851 Chengguan
0%
C 104,570 Chengguan
0%
D 413,165 Dangcheng
0%
D 156,902 Dingcheng
0%
F 100,704 Fanyang
0%
F 527,660 Fenghuang
0%
F 279,020 Fucheng
0%
F 123,990 Fuyu
0%
G 105,942 Gantang
0%
G 102,733 Gaohe
0%
H 105,485 Hengshan
0%
H 103,039 Huanfeng
0%
H 209,151 Huayang
0%
H 120,919 Huicheng
0%
J 114,549 Jianping
0%
J 803,429 Jieshou
0%
J 133,096 Jingchuan
0%
J 106,511 Jinxi
0%
J 110,893 Jishan
0%
L 101,255 Leiyang
0%
L 290,188 Lingcheng
0%
L 109,650 Liyang
0%
L 294,985 Lucheng
0%
L 246,167 Lucheng
0%
M 134,080 Meicheng
0%
M 131,039 Mingguang
0%
Q 101,688 Qimen
0%
R 137,401 Rongcheng
0%
S 371,936 Shencheng
0%
S 204,338 Shouchun
0%
S 102,058 Shuihu
0%
S 268,014 Sicheng
0%
T 127,044 Taozhou
0%
T 107,180 Tianchang
0%
T 100,091 Tiantang
0%
W 103,847 Wanzhi
0%
W 248,319 Wucheng
0%
X 116,419 Xianghe
0%
X 447,176 Xijin
0%
Z 104,119 Zongyang
0%
No matching quizzes found
Score Distribution
Percent of People with Each Score
Percentile by Number Answered
Your Score History
You have not taken this quiz